00688cam a2200205 a 45000010005000000030009000050050017000140080041000310200015000720400023000870820016001101000026001262450121001522600052002733000047003255040051003726500012004236500019004357000028004544345BD-DhUAP20200123103541.0200123s1992 iaua b 001 0 eng  a0697128814 aDLCcDLCdBD-DhUAP00a170 ENG2231 aEnglehardt, Elaine E.10aEthics & life :ban interdisciplinary approach to moral problems /cElaine E. Englehardt and Donald D. Schmeltekopf. aDubuque, IA :bWm. C. Brown Publishers,cc1992. aviii, 455 pages :billustrations ;c28 cm. aIncludes bibliographical references and index. 0aEthics. 0aSocial ethics.1 aSchmeltekopf, Donald D.